000 00920nam a22002897a 4500
001 00205
003 DO-SdBNP
005 20170208123534.0
007 00205
008 160418b dr 1997||||| |||| 00| 0 spa d
040 _aBPMSU
_bspa
_cBPMSU
082 0 4 _a372.6561
_bE77e 8vo. 1997
100 1 _aEspinal, Olga
245 1 _aLengua española 8 /
_cOlga Espinal, Remigio García R.
260 _aSanto Domingo :
_bSecretaría de Estado de Educación y Cultura,
_c1997.
300 _a232 p. :
_bil.,
_c27 cm.
500 _aPlan decenal de educación
650 4 _aESPAÑOL
_xENSEÑANZA BÁSICA
650 4 _aESPAÑOL
_xEDUCACIÓN PRIMARIA
650 4 _aESPAÑOL
_2ESTUDIOS Y EJERCICIOS
650 4 _aESPAÑOL
_xLIBROS DE TEXTOS
650 4 _aEDUCACIÓN PRIMARIA
_zREPÚBLICA DOMINICANA
700 1 _aGarcía R., Remigio
910 _aValidado. Control de calidad MFF
942 _2ddc
_cBK
956 _aBrenda Tavárez
999 _c9813
_d9813